Catálogo
 En Linea

La comedia nueva o el café. (Registro nro. 43212)

Detalles MARC
000 -CABECERA
campo de control de longitud fija 00311nam a2200109 a 4500
005 - FECHA Y HORA DE LA ÚLTIMA TRANSACCIÓN
campo de control 20201002044933.0
008 - DATOS DE LONGITUD FIJA--INFORMACIÓN GENERAL
campo de control de longitud fija 140407s1971 000 spa d
040 ## - FUENTE DE LA CATALOGACIÓN
Centro catalogador/agencia de origen DO-SdBNP
100 ## - ENTRADA PRINCIPAL--NOMBRE DE PERSONA
Nombre de persona Fernández de Moratín, Leandro
9 (RLIN) 59822
245 #3 - MENCIÓN DE TÍTULO
Título La comedia nueva o el café.
260 ## - PUBLICACIÓN, DISTRIBUCIÓN, ETC.
Lugar de publicación, distribución, etc. Madrid -- Libra,
Fecha de publicación, distribución, etc. 1971 -- 174 p.

No hay ítems disponibles.

Con tecnología Koha